Основные процессы и аппараты химической технологии. Часть 2 / ДО 2019: электронный курс

Sonraí bibleagrafaíochta
Príomhchruthaitheoir: Усольцева Н. В. Наталья Васильевна
Údar corparáideach: Национальный исследовательский Томский политехнический университет Инженерная школа новых производственных технологий Научно-образовательный центр Н. М. Кижнера
Achoimre:Заглавие с экрана
Основной целью курса является приобретение знаний и навыков, необходимых для выполнения работ по проектированию технологического оборудования химических производств.
Доступ по логину и паролю
Teanga:Rúisis
Foilsithe / Cruthaithe: Томск, TPU Moodle, 2023
Ábhair:
Rochtain ar líne:https://design.lms.tpu.ru/course/view.php?id=4604
Formáid: Leictreonach LEABHAR
KOHA link:https://koha.lib.tpu.ru/cgi-bin/koha/opac-detail.pl?biblionumber=669154

MARC

LEADER 00000nlm0a2200000 4500
001 669154
005 20231221132604.0
035 |a (RuTPU)RU\TPU\network\40394 
035 |a RU\TPU\network\40220 
090 |a 669154 
100 |a 20230220d2023 m y0rusy50 ca 
101 0 |a rus 
102 |a RU 
105 |a a j 000zy 
135 |a jrcn ---uucaa 
181 0 |a i  
182 0 |a b 
200 1 |a Основные процессы и аппараты химической технологии. Часть 2 / ДО 2019  |e электронный курс  |f Н. В. Усольцева  |g Национальный исследовательский Томский политехнический университет, Инженерная школа новых производственных технологий, Научно-образовательный центр Н. М. Кижнера 
203 |a Текст  |c электронный 
210 |c TPU Moodle  |a Томск  |d 2023 
300 |a Заглавие с экрана 
330 |a Основной целью курса является приобретение знаний и навыков, необходимых для выполнения работ по проектированию технологического оборудования химических производств. 
333 |a Доступ по логину и паролю 
610 1 |a электронный ресурс 
610 1 |a труды учёных ТПУ 
610 1 |a электронное обучение 
610 1 |a электронные курсы ТПУ 
610 1 |a электронные учебные пособия 
610 1 |a физико-химические основы 
610 1 |a химико-технологические процессы 
610 1 |a выбор темы 
610 1 |a технологические расчеты 
610 1 |a механические расчеты 
610 1 |a конструкторская документация 
700 1 |a Усольцева  |b Н. В.  |c химик-технолог  |c инженер Томского политехнического университета  |f 1985-  |g Наталья Васильевна  |3 (RuTPU)RU\TPU\pers\27928  |9 12931 
712 0 2 |a Национальный исследовательский Томский политехнический университет  |b Инженерная школа новых производственных технологий  |b Научно-образовательный центр Н. М. Кижнера  |3 (RuTPU)RU\TPU\col\23556 
801 2 |a RU  |b 63413507  |c 20230220  |g RCR 
856 4 |u https://design.lms.tpu.ru/course/view.php?id=4604 
942 |c CF